El patrimonio histórico-educativo de la enseñanza privada : el caso de los hermanos de La Salle (Record no. 162686)

MARC details
000 -CABECERA
campo de control de longitud fija 00737nab a2200229 a 4500
005 - FECHA Y HORA DE LA ÚLTIMA TRANSACCIÓN
campo de control 20210219161717.0
008 - ELEMENTOS DE LONGITUD FIJA--INFORMACIÓN GENERAL
campo de control de longitud fija 991125s1985 mx 000 0 spa u
035 ## - NÚMERO DE CONTROL DEL SISTEMA
Número de control de sistema UPN01000190583
100 1# - ASIENTO PRINCIPAL--NOMBRE PERSONAL
Nombre de persona Dávila Balsera, Paulí
100 1# - ASIENTO PRINCIPAL--NOMBRE PERSONAL
Filiación pauli.davila@ehu.es
222 ## - TÍTULO CLAVE
Título clave REVISTA DE CIENCIAS DE LA EDUCACION
245 ## - MENCIÓN DE TÍTULO
Título El patrimonio histórico-educativo de la enseñanza privada : el caso de los hermanos de La Salle
260 ## - PUBLICACIÓN, DISTRIBUCIÓN, ETC.
Lugar de publicación, distribución, etc. Madrid, España
300 ## - DESCRIPCIÓN FÍSICA
Extensión 289-302
362 0# - FECHAS DE PUBLICACIÓN Y/O DESIGNACIÓN SECUENCIAL
Fecha de publicación y/o designación secuencial 2012 Nos. 231-232, jul.-dic.
653 0# - TERMINO DE INDIZACION - NO CONTROLADO
Término no controlado PATRIMONIO HISTORICO EDUCATIVO
653 0# - TERMINO DE INDIZACION - NO CONTROLADO
Término no controlado EDUCACION PRIVADA
653 0# - TERMINO DE INDIZACION - NO CONTROLADO
Término no controlado MUSEO ESCOLAR
700 1# - ASIENTO SECUNDARIO--NOMBRE DE PERSONAL
Nombre de persona Naya Garmendia, Luis María,
Término indicativo de función/relación coaut.
700 1# - ASIENTO SECUNDARIO--NOMBRE DE PERSONAL
Filiación luisma.naya@ehu.es
905 ## - TIPO DE MATERIAL
Tipo de material Articulo

No items available.